Mittelalterliche Kunst in Baden; (Record no. 37567)
[ view plain ]
| 000 -LEADER | |
|---|---|
| fixed length control field | 00562cam a22001697 4500 |
| 001 - CONTROL NUMBER | |
| control field | ltf91040539 |
| 003 - CONTROL NUMBER IDENTIFIER | |
| control field | DLC |
| 005 - DATE AND TIME OF LATEST TRANSACTION | |
| control field | 20260227111553.0 |
| 008 - FIXED-LENGTH DATA ELEMENTS--GENERAL INFORMATION | |
| fixed length control field | 910416q19001959gw 000 0 ger |
| 010 ## - LIBRARY OF CONGRESS CONTROL NUMBER | |
| LC control number | ltf91040539 |
| 040 ## - CATALOGING SOURCE | |
| Original cataloging agency | DLC |
| Transcribing agency | DLC |
| Modifying agency | DLC |
| 050 00 - LIBRARY OF CONGRESS CALL NUMBER | |
| Classification number | 4N 638 |
| 110 2# - MAIN ENTRY--CORPORATE NAME | |
| Corporate name or jurisdiction name as entry element | Staatliche Kunsthalle Karlsruhe. |
| 245 00 - TITLE STATEMENT | |
| Title | Mittelalterliche Kunst in Baden; |
| Remainder of title | Ausstellung, veranstaltet für den Wiederaufbau der St. Stephanskirche und der Evangelischen Stadtkirche in Karlsruhe, 9. Juli - 2. Oktober 1949. |
| 260 ## - PUBLICATION, DISTRIBUTION, ETC. | |
| Place of publication, distribution, etc. | [Karlsruhe, |
| Date of publication, distribution, etc. | 19 ] |
| 300 ## - PHYSICAL DESCRIPTION | |
| Extent | 31 p. |
No items available.